Normal view
MARC view
- Farrell,Graham
Entry Personal Name
001 - CONTROL NUMBER
- control field: 2940
003 - CONTROL NUMBER IDENTIFIER
- control field: OSt
005 - DATE AND TIME OF LATEST TRANSACTION
- control field: 20180302103021.0
008 - FIXED-LENGTH DATA ELEMENTS
- fixed length control field: 180302|| aca||aabn | a|a d
040 ## - CATALOGING SOURCE
- Original cataloging agency: OSt
- Transcribing agency: OSt
100 ## - HEADING--PERSONAL NAME
- Personal name: Farrell,Graham
670 ## - SOURCE DATA FOUND
- Source citation: Work cat.: (OSt)15298: Rees, Debbie 2939, Crop post - harvest : Science and technology, 2012
